Normal view
MARC view
Entry Topical Term
001 - CONTROL NUMBER
- control field: 127
003 - CONTROL NUMBER IDENTIFIER
- control field: OSt
005 - DATE AND TIME OF LATEST TRANSACTION
- control field: 20260128094001.0
008 - FIXED-LENGTH DATA ELEMENTS
- fixed length control field: 260128|| aca||aabn | a|a d
040 ## - CATALOGING SOURCE
- Original cataloging agency: OSt
- Transcribing agency: OSt
150 ## - HEADING--TOPICAL TERM
- Topical term or geographic name entry element: Stars - Fiction, Filipino
670 ## - SOURCE DATA FOUND
- Source citation: Work cat.: (OSt)2479: Maria_CarCat 125, Do stars fall? / , c2023